• 首页
  • 本馆介绍
  • 公告通知
  • 最新文献
  • 馆藏检索
  • 电子资源
  • 读者导购
  • 参考咨询
  • 我的图书馆
  • 登录
  • 详细信息显示
  • 放入我的书架
  • 预约/预借图书
  • 作者相关作品
  • 分类相关作品
  • 丛书相关作品
  • 出版社相关作品

书目信息

  • 表格格式
  • 工作单格式
  • 卡片格式
题名:
无公害农药·农药无公害化
    
 
作者: 张兴 主编
分册:  
出版信息: 北京   化学工业出版社  2007
页数: 124页
开本: 21cm
丛书名:
单 册:
中图分类: X384 , S482
科图分类:
主题词: 无污染农药
电子资源:
ISBN: 978-7-122-00891-6
000 00882nam0 2200265 450
001 012004176119
005 20080303094102.18
009 012004176119
010    @a978-7-122-00891-6@dCNY10.00
035    @a(110019)012007045100
100    @a20071009d2007 em y0chiy0110 ea
101 0  @achi
102    @aCN@b110000
105    @ay z 000yy
106    @ar
200 1  @a无公害农药·农药无公害化@Awu gong hai nong yao · nong yao wu gong hai hua@f张兴主编
210    @a北京@c化学工业出版社@d2007
215    @a124页@d21cm
330    @a本书详细阐述了农药与公害,无公害农药的特点、产品、药效评价、研制、生产、流通和使用的整套理论与实践,深入剖析了农药无公害化对可持续农业发展的影响,从而提出自己探索出的途径和办法。
606 0  @a无污染农药
690    @aX384@v4
690    @aS482@v4
701  0 @a张兴@Azhang xing@4主编
801  0 @aCN@b110019@c20080303
905    @dX384@e143@f4
    
    无公害农药·农药无公害化/张兴主编.-北京:化学工业出版社,2007
    124页;21cm
    
    
    ISBN 978-7-122-00891-6:CNY10.00
    本书详细阐述了农药与公害,无公害农药的特点、产品、药效评价、研制、生产、流通和使用的整套理论与实践,深入剖析了农药无公害化对可持续农业发展的影响,从而提出自己探索出的途径和办法。
●
相关链接 在E读中查询图书 在五车中查询图书 在当当中查询图书 在豆瓣中查询图书


正题名:无公害农药·农药无公害化     索取号:X384/143         预约/预借

序号 登录号 条形码 馆藏地/架位号 状态 备注
1 0614515   206145152   第二样本阅览室/ [索取号:X384/143] 在馆    
2 0614516   206145161   第三借阅区/ [索取号:X384/143] 在馆    
3 0614517   206145170   第三借阅区/ [索取号:X384/143] 在馆    
4 0614518   206145189   第三借阅区/ [索取号:X384/143] 在馆    
唐山师范学院图书馆 欢迎您!
大连网信软件有限公司© 版权所有